[Event "Titled Tuesday intern op 18th Jul Early"]
[Site "Chess.com INT"]
[Date "2023.07.18"]
[Round "7"]
[White "Joshi, Pankaj"]
[Black "Rodriguez Santiago, Jaime"]
[Result "1-0"]
[WhiteElo "2231"]
[BlackElo "2020"]
[PlyCount "69"]
[EventDate "2023.07.18"]
[EventType "swiss (blitz)"]
[EventRounds "11"]
[EventCountry "USA"]
[SourceTitle "EXT 2024"]
[Source "ChessBase"]
[SourceDate "2023.10.10"]
[SourceVersion "1"]
[SourceVersionDate "2023.10.10"]
[SourceQuality "1"]

1. e4 c6 2. d4 d5 3. exd5 cxd5 4. Bd3 Nc6 5. c3 Qc7 6. h3 g6 7. Nf3 Bf5 8. Be2 h5 9. 0-0 Nf6 10. Bg5 Bg7 11. Nbd2 Ne4 12. Nxe4 Bxe4 13. Nd2 Bf5 14. Bf3 Rd8 15. Re1 f6 16. Bh4 0-0 17. Nf1 Qd7 18. Ne3 Be6 19. c4 dxc4 20. d5 Qc8 21. Qb1 Nd4 22. dxe6 Nxf3+ 23. gxf3 g5 24. Qg6 Qxe6 25. Nf5 Qxf5 26. Qxf5 gxh4 27. Qxh5 Rd7 28. Kh1 e5 29. Rg1 Rff7 30. Rg6 Kf8 31. Rag1 b5 32. Qh7 a6 33. Qxh4 Rc7 34. Rxg7 Rxg7 35. Qh8+ 1-0

[Event "Titled Tuesday intern op 18th Jul Early"]
[Site "Chess.com INT"]
[Date "2023.07.18"]
[Round "11"]
[White "Rian, Kapriaga"]
[Black "Joshi, Pankaj"]
[Result "1-0"]
[WhiteElo "2089"]
[BlackElo "2231"]
[PlyCount "75"]
[EventDate "2023.07.18"]
[EventType "swiss (blitz)"]
[EventRounds "11"]
[EventCountry "USA"]
[SourceTitle "EXT 2024"]
[Source "ChessBase"]
[SourceDate "2023.10.10"]
[SourceVersion "1"]
[SourceVersionDate "2023.10.10"]
[SourceQuality "1"]

1. d4 Nf6 2. Nf3 g6 3. c4 Bg7 4. Nc3 0-0 5. Bg5 d6 6. e3 a6 7. Be2 c5 8. 0-0 Nbd7 9. d5 b5 10. cxb5 axb5 11. Bxb5 Qa5 12. a4 h6 13. Bh4 g5 14. Bg3 Nb6 15. e4 Nh5 16. Nd2 Nxg3 17. hxg3 Bxc3 18. bxc3 Qxc3 19. Re1 Ba6 20. Rc1 Qg7 21. Nf1 Bxb5 22. axb5 Ra2 23. Ne3 Rfa8 24. Nf5 Qb2 25. Rf1 Na4 26. Nxh6+ Kg7 27. Nf5+ Kf8 28. Qh5 Qf6 29. g4 Nc3 30. Rfe1 Ne2+ 31. Rxe2 Rxe2 32. g3 e6 33. dxe6 fxe6 34. e5 dxe5 35. Qh1 Raa2 36. Qc6 Rxf2 37. Rd1 Rad2 38. Qxc5+ 1-0

[Event "Jalgaon op"]
[Site "Jalgaon"]
[Date "2010.11.29"]
[Round "9"]
[White "Joshi, Pankaj"]
[Black "Gagare, Shalmali"]
[Result "1-0"]
[WhiteElo "2314"]
[BlackElo "2110"]
[PlyCount "79"]
[EventDate "2010.11.23"]
[EventType "swiss"]
[EventRounds "11"]
[EventCountry "IND"]
[SourceTitle "CBM 139 Extra"]
[Source "ChessBase"]
[SourceDate "2011.01.05"]
[SourceVersion "1"]
[SourceVersionDate "2011.01.05"]
[SourceQuality "1"]

1. d4 Nf6 2. Nf3 g6 3. c4 Bg7 4. Nc3 d6 5. e4 0-0 6. h3 Na6 7. Bg5 c5 8. d5 Nc7 9. Bd3 Nd7 10. Qd2 b5 11. cxb5 a6 12. 0-0 axb5 13. Nxb5 Nxb5 14. Bxb5 Ba6 15. Bxa6 Rxa6 16. Bh6 Qa5 17. Qc1 Qb4 18. Bxg7 Kxg7 19. Re1 f6 20. a3 Qb7 21. Nd2 Rb8 22. Rb1 Qa7 23. Re3 Rab6 24. Kh1 Rb5 25. f4 Qb7 26. b3 Qa7 27. Nc4 Nb6 28. Nxb6 Qxb6 29. e5 dxe5 30. fxe5 f5 31. Qc4 Ra5 32. Rd1 Qb5 33. Qh4 Qd7 34. d6 e6 35. Rc3 Qd8 36. Qc4 Qd7 37. b4 cxb4 38. axb4 Ra7 39. Rdc1 Rab7 40. Qh4 1-0

[Event "Jalgaon op"]
[Site "Jalgaon"]
[Date "2010.11.24"]
[Round "3"]
[White "Joshi, Pankaj"]
[Black "Majumdar, Shankar"]
[Result "1/2-1/2"]
[WhiteElo "2314"]
[BlackElo "2075"]
[PlyCount "41"]
[EventDate "2010.11.23"]
[EventType "swiss"]
[EventRounds "11"]
[EventCountry "IND"]
[SourceTitle "CBM 139 Extra"]
[Source "ChessBase"]
[SourceDate "2011.01.05"]
[SourceVersion "1"]
[SourceVersionDate "2011.01.05"]
[SourceQuality "1"]

1. d4 d5 2. Nf3 Nf6 3. e3 e6 4. Bd3 Nbd7 5. 0-0 Bd6 6. c4 c6 7. Nbd2 0-0 8. e4 dxe4 9. Nxe4 Nxe4 10. Bxe4 h6 11. b3 e5 12. dxe5 Nxe5 13. Bb2 Nxf3+ 14. Qxf3 Qg5 15. Rfe1 Bb4 16. Bc3 Bg4 17. Qg3 Bxc3 18. Qxc3 Rad8 19. h3 Bf5 20. Bxf5 Qxf5 21. Re3 1/2-1/2